Biology

Book helps launch you to success in biology through its clear and engaging narrative, superior pedagogy, and innovative use of art and photos to promote student learning

Bewaard in:
Bibliografische gegevens
Hoofdauteur: Campbell, Neil A.
Formaat: Boek
Taal:Undetermined
Gepubliceerd in: California The Benjamin/Cummings Publishing Company 1996
Onderwerpen:
Tags: Voeg label toe
Geen labels, Wees de eerste die dit record labelt!
Thư viện lưu trữ: Trung tâm Học liệu Trường Đại học Cần Thơ
LEADER 00688nam a2200205Ia 4500
001 CTU_222182
008 210402s9999 xx 000 0 und d
020 |c 128 
082 |a 570 
082 |b C189 
100 |a Campbell, Neil A. 
245 0 |a Biology 
245 0 |c Neil A. Campbell 
260 |a California 
260 |b The Benjamin/Cummings Publishing Company 
260 |c 1996 
520 |a Book helps launch you to success in biology through its clear and engaging narrative, superior pedagogy, and innovative use of art and photos to promote student learning 
650 |a Biology,Sinh học 
904 |i Nguyên 
980 |a Trung tâm Học liệu Trường Đại học Cần Thơ